000 00917nam a2200229 a 4500
003 BD-RjUL
005 20221018101024.0
008 221018s2006 bg ||||| m||| 00| 0 eng d
035 _a(BD-RjUL)
040 _aBD-RjUL
_beng
_cBD-RjUL
_dBD-RjUL
041 _aeng
082 _a307.76
_bSHS 2006
_223
100 _aShaik, Md. Rafqul Islam
_95305
245 0 1 _aSocio-Economic and Environmental Impacts of Urbanization in Bogra Municipal Area of Bangladesh /
_cMd. Rafqul Islam Shaik ;
_6Supervisor : Md. Mohsin Ali
260 _aRajshahi :
_bInstitute of Environmental Science (IES), Rajshahi University
_c2006
300 _axvi, 143 Leaves ;
_c29 cm.
502 _aThesis (M. Phil.) -- Institute of Environmental Science (IES), Rajshahi University 2006
504 _aBibliography : Leaves [132]-143
650 _aCommunities
_vSocio-Economic
_95306
700 _aAli, Md. Mohsin, Supervisor
_91444
942 _2ddc
_cTHE
999 _c80555
_d80555